|
|
|
|
| LEADER |
00000nam a2200000 a 4500 |
| 001 |
vtls008997425 |
| 003 |
SK-MaSNL |
| 005 |
20260301124928.0 |
| 008 |
240314s2004 xr a f 001 0 cze |
| 020 |
|
|
|a 8073600536
|q (brož.)
|
| 040 |
|
|
|a SNK
|b slo
|c SNK
|e AACR2
|
| 041 |
1 |
|
|a cze
|h eng
|
| 044 |
|
|
|a xr
|c CZ
|
| 072 |
|
7 |
|a 159.95
|x Vyššie duševné procesy
|2 konspekt
|
| 080 |
|
|
|a 159.953
|2 2001
|
| 080 |
|
|
|a (035)
|2 2001
|
| 100 |
1 |
|
|a Iddon, Jo
|4 aut
|9 474115
|
| 240 |
1 |
0 |
|a Memory booster workout
|l Česky
|
| 245 |
1 |
0 |
|a Paměť
|b 10 kroků k posílení paměti
|c Jo Iddon, Huw Williams ; [z anglického originálu přeložila Soňa Štroblová]
|
| 250 |
|
|
|a 1. čes. vyd.
|
| 260 |
|
|
|a Praha
|b Ottovo nakladatelství
|c 2004
|
| 300 |
|
|
|a 144 s.
|b ilustr., sch.
|c 23 cm
|
| 650 |
0 |
7 |
|a pamäť
|2 SNKPH
|9 2559
|
| 650 |
0 |
7 |
|a tréning pamäti
|2 SNKPH
|9 69500
|
| 650 |
0 |
7 |
|a Memory
|2 SNKPHeng
|9 330499
|
| 650 |
0 |
7 |
|a Memory training
|2 SNKPHeng
|9 315188
|
| 655 |
|
7 |
|a príručky
|2 SNKPH
|9 74364
|
| 655 |
|
7 |
|a Handbooks, manuals, etc.
|2 SNKPHeng
|9 90964
|
| 700 |
1 |
|
|a Williams, W. Huw,
|d 1964-
|4 aut
|9 474116
|
| 700 |
1 |
|
|a Štroblová, Soňa
|4 trl
|9 474117
|
| 852 |
|
|
|a Štátna vedecká knižnica v Banskej Bystrici
|
| 919 |
|
|
|a 978-80-7360-053-2
|
| 999 |
|
|
|c 740949
|d 742879
|
| 952 |
|
|
|t snkPAM 159.953
|a SNKUST
|b SNKUST
|y PREZ
|7 0
|p 17A0510527
|o snkIC 135059
|i snk2007/14948
|8 3
|g 12.25
|0 0
|1 0
|4 0
|d 2007-06-08
|l 0
|r 2025-04-28 00:00:00
|w 2026-02-23
|